00597nam a2200157Ia 4500008004000000082001600040100002400056245007400080260004000154300001100194650005500205690001900260906001200279999001900291952012900310210210b1984 xxu||||| |||| 00| 0 eng d a510.02 MCCK aM C C PUBLICATIONS. aKarnatak medical & engineering joint entrance test 1984: mathematics. aBangalorebM C C Publicationsc1984 aiv,248 aMedical entrance maths Engineering entrance maths aMaths Entrance aSG02758 c113714d113714 001040708MathematicsaALbALcMathematicsd2021-02-17g0.00l0o510.02 MCCKpSG02758r2021-02-17 00:00:00w2021-02-17ySG